Score 0/22 Timer 02:00
0 Plays Today
Clue 4-Letter Word % Correct
Sliced cabbage salad: ___ SlawCOLE
98.1%
One of 18 on a golf courseHOLE
97.4%
Square root of eighty-oneNINE
96.9%
A green citrus fruitLIME
96.4%
Dow Jones 30 Company: The ___ DepotHOME
94.8%
Grape-growing plantVINE
94.2%
Tom Sawyer creator TwainMARK
93.4%
Dow Jones 30 Company: Wal-___MART
92.7%
Bart's younger sisterLISA
91.8%
Dow Jones 30 Company: ___ DisneyWALT
91.7%
Witch's facial blemishWART
91.1%
Clue 4-Letter Word % Correct
Croft of Tomb RaiderLARA
90.4%
Facebook post optionLIKE
89.2%
Turkish or former Italian currencyLIRA
87.8%
Capital city of TogoLOMÉ
87.5%
Dow Jones 30 CompanyNIKE
85.2%
Famed ship: Cutty ___SARK
76.5%
An American clamping toolVISE
75.5%
Singer Bareilles of 'Love Song'SARA
75.5%
Dow Jones 30 CompanyVISA
75.2%
Dow Jones 30 company: [Prev. Rung]-[This Rung]COLA
36%
Dow Jones 30 company: [This Rung]-[Next Rung]COCA
35.1%

Today's Daily Dose

Remove Ads.
Support Sporcle.
Get the best of Sporcle when you Go Orange. This ad-free experience offers more features, more stats, and more fun while also helping to support Sporcle. Thank you for becoming a member.

You're not logged in!

Compare scores with friends on all Sporcle quizzes.
OR
Log In

Show Comments

Extras

Top Quizzes Today


Score Distribution

Your Account Isn't Verified!

In order to create a playlist on Sporcle, you need to verify the email address you used during registration. Go to your Sporcle Settings to finish the process.

Report this User

Report this user for behavior that violates our Community Guidelines.

Details: